Sports Quiz

Random Sports or Logo Quiz

Beaked Sports Logos Quiz Stats

Quiz Updated Jul 22, 2015

Challenge
Share
Tweet
Score 0/12 Timer 01:30
11 Plays Today
% Correct
Seattle Seahawks
95.8%
Philadelphia Eagles
93.3%
Baltimore Ravens
91.8%
Arizona Cardinals
90%
Toronto Blue Jays
88.6%
University of Kansas Jayhawks
77%
Atlanta Falcons
68.9%
Pittsburgh Penguins
68%
Atlanta Hawks
67.3%
New Orleans Pelicans
61.2%
Louisville Cardinals
59.7%
Baltimore Orioles
48.5%

You're not logged in!

Compare scores with friends on all Sporcle quizzes.
Sign Up with Email
OR
Log In

You Might Also Like...

Show Comments

Extras

Top Quizzes Today


Score Distribution

Your Account Isn't Verified!

In order to create a playlist on Sporcle, you need to verify the email address you used during registration. Go to your Sporcle Settings to finish the process.